[Event "Cup Nord-West"]
[Site "Bad Zwischenahn (Germany)"]
[Date "2006.02.05"]
[Round "6"]
[White "Stabolewski Andreas (GER)"]
[Black "Ivanov Mikhail M (RUS)"]
[Result "0-1"]
[WhiteElo "2195"]
[BlackElo "2451"]

1.c4 e5 2.Nc3 Nc6 3.g3 g6 4.Bg2 Bg7 5.d3 d6 6.e4 Nd4 7.h4 h6 8.Nh3 Be6 9.Be3
c6 10.Rb1 Ne7 11.b4 a6 12.a4 O-O 13.O-O Qd7 14.Kh2 f5 15.f4 fxe4 16.Nxe4 Bg4
17.Qd2 Nef5 18.Bg1 Ne2 19.Rf2 Nfd4 20.Rbf1 Nxg1 21.Nxg1 Qe7 22.fxe5 Qxe5
23.Rxf8+ Rxf8 24.Rxf8+ Bxf8 25.Qf4 Qxf4 26.gxf4 Bd1 27.Nc3 Bc2 28.Be4 Kf7
29.a5 Be7 30.h5 gxh5 31.Kg2 Bd8 32.Nf3 Nxf3 33.Kxf3 c5 34.b5 Bxa5 35.d4 Bb3
36.Ne2 Bxc4 37.bxa6 Bxa6 {#R} 0-1

[Event "It (open)"]
[Site "Cappelle la Grande (France)"]
[Date "2006.02.22"]
[Round "6"]
[White "Marholev Dimitar (BUL)"]
[Black "Danielian Oganes (ARM)"]
[Result "1-0"]
[WhiteElo "2391"]
[BlackElo "2515"]

1.c4 e5 2.g3 Nc6 3.Bg2 g6 4.Nc3 Bg7 5.d3 d6 6.Rb1 Bg4 7.h3 Bd7 8.e3 Nge7
9.Nge2 h5 { ?! } ( 9...O-O { !? } 10.O-O { } ) 10.b4 Qc8 11.b5 Nd8 12.a4 h4
13.g4 f5 14.gxf5 Bxf5 15.a5 a6 16.b6 c6 17.e4 Be6 18.Ba3 { ?! } ( 18.Be3 { !?
} 18...Qd7 19.Qa4 Rf8 20.Kd2 { } ) 18...Nf7 19.Rc1 c5 20.Nd5 Nxd5 21.cxd5 Bd7
22.f4 O-O 23.Qb3 Bh6 24.d4 { ?! } ( 24.Rc3 { !? } 24...Bb5 25.d4 exd4 26.Nxd4
{ } ) 24...exf4 { ? } ( 24...exd4 { !? } 25.Rg1 Qe8 26.Rxc5 dxc5 { } ) 25.Bf3
Qe8 26.dxc5 Ba4 27.Qb1 Ne5 { ?! } ( 27...Ng5 { !? } 28.Rf1 Bd7 29.cxd6 Rf7 { }
) 28.Nd4 Bb5 29.Rc3 Bd7 { ? } ( 29...Rf7 { !? } 30.Rg1 Bc4 { } ) 30.cxd6 Bg7
31.Rc7 Nf7 { ?! } ( 31...Rc8 { !? } 32.Bb4 g5 33.Qc2 Nxf3+ { } ) 32.Ne6 Bxe6
33.dxe6 Qxe6 34.Bg4 Qe5 35.O-O f3 36.Kh1 Ng5 37.Qa2+ Kh8 38.Rxg7 Nxe4 39.Re7
Ng3+ 40.Kg1 Qd4+ { } {#r} 1-0

[Event "Ch Switzerland (team) 2006"]
[Site "Switzerland"]
[Date "2006.03.26"]
[Round "2"]
[White "Aumann Welf (GER)"]
[Black "Adler Joel (SUI)"]
[Result "1-0"]
[WhiteElo "2321"]
[BlackElo "2342"]

1.c4 e5 2.g3 d6 3.Bg2 Nc6 4.Nc3 g6 5.d3 Bg7 6.e4 Nge7 7.Nge2 O-O 8.O-O Be6
9.Nd5 Rb8 10.Bg5 f6 11.Be3 Qd7 12.Qd2 Rf7 13.Rac1 f5 14.b3 b6 15.f3 Re8 16.Bg5
Nc8 17.Rce1 fxe4 18.dxe4 Bh3 19.b4 Bxg2 20.Kxg2 Nd4 21.Nxd4 exd4 22.b5 a6
23.Rb1 c6 24.bxc6 Qxc6 25.Qd3 h6 26.Bc1 Rb7 27.Bb2 b5 28.Bxd4 bxc4 29.Rxb7
cxd3 30.Rxg7+ Kf8 31.Rc7 {#r} 1-0

[Event "Ch Europe (w)"]
[Site "Kusadasi (Turkey)"]
[Date "2006.04.04"]
[Round "1"]
[White "Juergens Vera (GER)"]
[Black "Sommer Sonja (AUT)"]
[Result "1-0"]
[WhiteElo "2290"]
[BlackElo "2004"]

1.c4 e5 2.g3 Nc6 3.Bg2 d6 4.Nc3 g6 5.d3 Bg7 6.Rb1 Be6 7.e4 Nge7 8.Nge2 Qd7
9.Nd5 O-O 10.Be3 f5 11.f4 Nd4 12.Bxd4 exd4 13.O-O c6 14.Nxe7+ Qxe7 15.Qc2 Rac8
16.b3 fxe4 17.dxe4 d5 18.Qd3 dxc4 19.bxc4 b6 20.Kh1 c5 21.Ng1 Qf7 22.Rbc1 Rce8
23.Nf3 h6 24.Nh4 Bf6 25.f5 gxf5 26.exf5 Qh7 27.Ng6 Bf7 28.Nxf8 Rxf8 29.h4 Qg7
30.Rce1 Kh8 31.Rg1 Rg8 32.Bd5 Bxd5+ 33.cxd5 Qc7 34.Re6 Qd8 35.d6 Rg4 36.Qe2
Rg8 37.Qh5 Qf8 38.d7 Qg7 39.g4 {#r} 1-0

[Event "Tournament (qual-olympiad) (w)"]
[Site "Lima (Peru)"]
[Date "2006.04.05"]
[Round "7"]
[White "Zapata Talia (PER)"]
[Black "Aliaga Fernandez Ingrid Yadira (PER)"]
[Result "0-1"]
[WhiteElo "2037"]
[BlackElo "2033"]

1.c4 e5 2.Nc3 Nc6 3.d3 d6 4.g3 g6 5.Bg2 Bg7 6.e4 f5 7.Nge2 Nf6 8.O-O O-O 9.f4
Be6 10.Nd5 Qd7 11.Rb1 a5 12.a3 Rae8 13.Nec3 Nd4 14.Bd2 c6 15.Nxf6+ Bxf6 16.Ne2
fxe4 17.Nxd4 exd4 18.Bxe4 Bxc4 19.Bxg6 hxg6 20.dxc4 Qf5 21.Rc1 d3 22.Re1 Bxb2
23.Rb1 Bd4+ 24.Kg2 Re2+ 25.Rxe2 dxe2 26.Qb3 Qe4+ 27.Kh3 Rf7 28.Be1 a4 29.Qa2
Qf3 {#R} 0-1

[Event "It (open)"]
[Site "Ditzingen (Germany)"]
[Date "2006.05.27"]
[Round "5"]
[White "Dietz Holger (GER)"]
[Black "Zikeli Julia (GER)"]
[Result "1-0"]
[WhiteElo "2307"]
[BlackElo "1764"]

1.c4 g6 2.g3 Bg7 3.Bg2 d6 4.Nc3 Nc6 5.d3 e5 6.e4 f5 7.Nge2 Nf6 8.O-O O-O 9.Nd5
h6 10.h3 Be6 11.Be3 Qd7 12.exf5 Bxf5 13.Kh2 Rab8 14.Qd2 Kh7 15.Nxf6+ Rxf6
16.d4 exd4 17.Nxd4 a6 18.Nxc6 bxc6 19.Rad1 a5 20.b3 a4 21.b4 Be6 22.c5 Bc4
23.Rfe1 d5 24.h4 Re8 25.Bh3 Qd8 26.Qc2 Rff8 27.h5 Qf6 28.Bd4 Qf7 29.Rxe8 Rxe8
30.hxg6+ {#r} 1-0

[Event "It (open)"]
[Site "St. Veit (Austria)"]
[Date "2006.07.11"]
[Round "4"]
[White "Grunberg Mihai-Lucian (ROM)"]
[Black "Peredy Ferenc (HUN)"]
[Result "1-0"]
[WhiteElo "2414"]
[BlackElo "2311"]

1.c4 e5 2.g3 Nc6 3.Bg2 g6 4.Nc3 Bg7 5.d3 d6 6.Rb1 f5 7.Nf3 Nf6 8.O-O O-O 9.b4
Kh8 10.Nd5 Ne7 11.Nxf6 Bxf6 12.Bh6 Bg7 13.Bxg7+ Kxg7 14.c5 h6 15.Qb3 Bd7 16.b5
Be6 17.Nd2 Bf7 18.Qb2 Nd5 19.e4 fxe4 20.Nxe4 Qe7 {#r} 1-0

[Event "It (open)"]
[Site "Creon (France)"]
[Date "2006.08.02"]
[Round "4"]
[White "Chabrol Fabienne (FRA)"]
[Black "Darrigues Alain (FRA)"]
[Result "0-1"]
[WhiteElo "1483"]
[BlackElo "1989"]

1.c4 e5 2.Nc3 Nc6 3.g3 g6 4.Bg2 Bg7 5.d3 d6 6.Nf3 Nf6 7.O-O O-O 8.Bg5 h6 9.Bd2
Be6 10.e3 Qd7 11.Re1 Nb4 12.Qb1 Bf5 13.Ne4 Nxd3 14.Qxd3 Nxe4 15.Qe2 Nc5 16.Bb4
Nd3 17.e4 Nxe1 18.exf5 Nxg2 19.Kxg2 Qxf5 20.Rd1 Rfe8 21.c5 dxc5 22.Bxc5 e4
{#R} 0-1

[Event "It (open)"]
[Site "Vienna (Austria)"]
[Date "2006.08.05"]
[Round "8"]
[White "Giessmann Andreas (AUT)"]
[Black "Molnar Attila (AUT)"]
[Result "0-1"]
[WhiteElo "2089"]
[BlackElo "2062"]

1.c4 e5 2.Nc3 Nc6 3.g3 g6 4.Bg2 Bg7 5.d3 d6 6.Rb1 a5 7.Bd2 Be6 8.Nf3 h6 9.a3
Qd7 10.Nd5 Nge7 11.e4 f5 12.b4 axb4 13.axb4 O-O 14.b5 Nd8 15.b6 Nxd5 16.cxd5
Bf7 17.Qc1 cxb6 18.Rxb6 Bxd5 19.exd5 e4 20.Ng1 exd3 21.Nh3 Qe8+ 22.Be3 Ra1
23.Rb1 Bc3+ 24.Qxc3 Rxb1+ 25.Kd2 Rxh1 26.Bxh1 g5 27.Qxd3 Qd7 28.Bd4 b5 29.Bf3
Nb7 30.Bh5 Nc5 31.Qb1 Ne4+ 32.Kd1 Qb7 33.Qb3 Rc8 34.Be2 Qc7 35.Bb2 Qc5 36.f3
Nf6 37.Nf2 Nxd5 38.Nd3 Qc4 39.Qxc4 bxc4 40.Nc1 c3 {#R} 0-1

[Event "It (open)"]
[Site "Stare Mesto (Czech Republic)"]
[Date "2006.08.14"]
[Round "5"]
[White "Lyanguzov Oleg (RUS)"]
[Black "Uricar Jakub (CZE)"]
[Result "1-0"]
[WhiteElo "2337"]
[BlackElo "2076"]

1.c4 e5 2.Nc3 Nc6 3.g3 g6 4.Bg2 Bg7 5.d3 d6 6.Nf3 Nge7 7.O-O O-O 8.Rb1 a5 9.a3
f5 10.Qc2 h6 11.b4 axb4 12.axb4 Qe8 13.Nd5 Qd8 14.b5 Nxd5 15.bxc6 Nb6 16.c5
dxc5 17.Nxe5 Bxe5 18.cxb7 Bxb7 19.Bxb7 Rb8 20.Bg2 g5 21.Qxc5 Re8 22.Bb2 Qd6
23.Qc2 Nd7 24.Bxe5 Nxe5 25.Rxb8 Rxb8 26.e3 Qxd3 27.Qxc7 Nd7 28.Bc6 {#r} 1-0

[Event "Ch Great Britain"]
[Site "Swansea (Wales)"]
[Date "2006.08.16"]
[Round "10"]
[White "Snape Ian (ENG)"]
[Black "Khandelwal Ankush (ENG)"]
[Result "0-1"]
[WhiteElo "2217"]
[BlackElo "2082"]

1.c4 e5 2.g3 g6 3.Bg2 Bg7 4.Nc3 Nc6 5.d3 d6 6.Rb1 f5 7.e3 Nf6 8.Nge2 O-O 9.b4
g5 10.b5 Ne7 11.f4 gxf4 12.exf4 Ng6 13.O-O exf4 14.Nxf4 Nxf4 15.Bxf4 Ng4
16.Bd5+ Kh8 17.Qd2 a6 18.h3 Nf6 19.Bf3 axb5 20.Nxb5 Nd7 21.Bg2 Ne5 22.Bg5 Qd7
23.Rbe1 c6 24.Nc3 Ra3 25.d4 Nxc4 26.Qd3 Qf7 27.Re7 Qg8 28.Bc1 Ra8 29.Rfe1 d5
30.Kh2 Bf6 31.R7e2 Qg7 32.Qf3 Nd6 33.Bf4 Ne4 34.Be5 Bxe5 35.dxe5 Ra3 36.Re3 d4
37.Nxe4 fxe4 {#R} 0-1

[Event "Ch NATO"]
[Site "Berkshire "]
[Date "2006.08.22"]
[Round "3"]
[White "Moen Steinar (NOR)"]
[Black "Nielsen Rene O (DEN)"]
[Result "1-0"]
[WhiteElo "2164"]
[BlackElo "2235"]

1.c4 e5 2.g3 Nc6 3.Bg2 d6 4.Nc3 g6 5.d3 Bg7 6.e4 f5 7.Nge2 Nf6 8.O-O O-O 9.h3
Ne7 10.Kh2 h6 11.Be3 Be6 12.b3 g5 13.exf5 Nxf5 14.Bd2 d5 15.Rc1 Qd6 16.cxd5
Bxd5 17.Ne4 Qe7 18.N2c3 Be6 19.Nxf6+ Rxf6 20.Ne4 Rf7 21.Bc3 Rd8 22.Qd2 Nd4
23.Qe3 Qa3 24.Bxd4 Rxd4 25.Rc2 Bf5 26.Rd1 Rfd7 27.Nc5 Rd8 28.Nxb7 Rxd3 29.Rxd3
Rxd3 30.Qe2 Qe7 31.Bc6 e4 32.Nc5 Rd4 33.Rc4 Qd6 34.Bxe4 Rd2 35.Qe3 Bc8 36.Nd3
{#r} 1-0

[Event "It (open) \"]
[Site "Berlin (Germany)"]
[Date "2006.08.26"]
[Round "8"]
[White "Treskow Anatol (GER)"]
[Black "Kohl Ingo (GER)"]
[Result "0-1"]
[WhiteElo "2030"]
[BlackElo "1964"]

1.c4 e5 2.Nc3 Nc6 3.g3 g6 4.Bg2 Bg7 5.d3 d6 6.a3 Rb8 7.e3 Bd7 8.Nge2 Nf6 9.O-O
O-O 10.d4 exd4 11.exd4 Re8 12.Re1 a5 13.Bf4 Ne7 14.Qd2 Nh5 15.Bg5 Nf6 16.b4 b6
17.bxa5 bxa5 18.Rab1 Bf5 19.Rb2 Rxb2 20.Qxb2 Qb8 21.Qxb8 Rxb8 22.Nb5 Bd3
23.Nxc7 Bxc4 24.Nc3 Nf5 25.d5 Rb3 26.Nb1 Bd3 27.Ne8 Nd7 28.Nxg7 Kxg7 29.Nd2
Rxa3 30.Nf3 Nf6 31.Nh4 Nxh4 32.Bxh4 Bc4 33.Rd1 h6 34.f4 a4 35.h3 Rd3 36.Rxd3
Bxd3 37.g4 Be4 38.Bf1 a3 39.Be1 {#R} 0-1

[Event "Ch Switzerland (team) 2006"]
[Site "Switzerland"]
[Date "2006.10.01"]
[Round "9"]
[White "Knoedler Dieter (GER)"]
[Black "Forster Richard (SUI)"]
[Result "0-1"]
[WhiteElo "2366"]
[BlackElo "2450"]

1.c4 g6 2.g3 Bg7 3.Bg2 e5 4.Nc3 d6 5.d3 Nc6 6.Rb1 f5 7.Nf3 h6 8.O-O g5 9.Nd5
Nce7 10.b4 Nxd5 11.cxd5 Ne7 12.Qb3 Ng6 13.Qc4 Bd7 14.b5 g4 15.Nd2 h5 16.e3 h4
17.Re1 Rc8 18.f4 gxf3 19.Nxf3 hxg3 20.hxg3 O-O 21.Rb4 Bh6 22.Bd2 Rf7 23.a4 Qf8
24.Qc1 Qg7 25.Rc4 Rcf8 26.Rxc7 e4 27.Bc3 Ne5 28.Nxe5 dxe5 29.Bb4 Qxg3 30.Bxf8
f4 31.Rf1 f3 32.Rc2 Rxf8 33.dxe4 Bh3 34.Qe1 f2+ 35.Rfxf2 Bxe3 36.Qxe3 Qxe3
37.Bxh3 Qxh3 38.Rg2+ Kh8 {#R} 0-1

[Event "Ch World (juniors) (under 20)"]
[Site "Yerevan (Armenia)"]
[Date "2006.10.03"]
[Round "1"]
[White "Vaznonis Vytautas (LTU)"]
[Black "Deepan Chakkravarthy J (IND)"]
[Result "0-1"]
[WhiteElo "2291"]
[BlackElo "2501"]

1.c4 e5 2.Nc3 Nc6 3.g3 g6 4.Bg2 Bg7 5.d3 d6 6.Nf3 f5 7.O-O Nf6 8.Rb1 a5 9.a3
O-O 10.b4 axb4 11.axb4 h6 12.b5 Ne7 13.Bd2 Be6 14.Ra1 Rb8 15.Qc2 g5 16.Rfc1 f4
17.Be1 Qe8 18.Nd2 Qh5 19.Ra7 fxg3 20.hxg3 Ng4 21.Nf1 Nf5 22.e3 Rf7 23.Nd5 Nxg3
24.fxg3 Rbf8 25.Qd2 Rxf1+ 26.Bxf1 Rxf1+ 27.Kxf1 Nh2+ 28.Kf2 Nf3 29.Ra8+ Kf7
30.Ke2 Nd4+ {#R} 0-1

[Event "It \"]
[Site "Edmonton (Canada)"]
[Date "2006.10.08"]
[Round "4"]
[White "Haessel Dale R (CAN)"]
[Black "Nguyen Kim (CAN)"]
[Result "1-0"]
[WhiteElo "2176"]
[BlackElo "2107"]

1.c4 g6 2.g3 Bg7 3.Bg2 e5 4.Nc3 d6 5.d3 Nc6 6.e4 h5 7.h4 Bg4 8.f3 Bd7 9.Nge2
Nf6 10.Be3 a6 11.O-O Be6 12.Nd5 Qd7 13.d4 exd4 14.Nxd4 O-O 15.Nxe6 fxe6 16.Nf4
Qf7 17.Bh3 Rfe8 18.Qb3 e5 19.Nd5 Nd4 20.Bxd4 exd4 21.Qxb7 Rab8 22.Qc6 Rxb2
23.Nxc7 Re7 24.Nd5 Nxd5 25.cxd5 Rc7 26.Qxd6 Rcc2 27.Rab1 Qa7 28.Rxb2 Rxb2
29.Qxg6 d3+ 30.Kh1 Rb8 31.Be6+ Kf8 32.Qf5+ Ke8 33.Qxh5+ Kf8 34.Qf5+ Ke8 35.d6
Bf8 36.Qg6+ {#r} 1-0

[Event "Ch Ukraine (juniors) (under 12) (g) (1/2 final)"]
[Site "Evpatoria (Ukraine)"]
[Date "2006.10.20"]
[Round "5"]
[White "Usoltseva Polina (UKR)"]
[Black "Pershina Lada (UKR)"]
[Result "1-0"]
[WhiteElo "1842"]
[BlackElo "1565"]

1.c4 e5 2.Nc3 d6 3.g3 Nc6 4.Bg2 g6 5.d3 Bg7 6.Nf3 Nge7 7.e4 O-O 8.O-O h6 9.a3
a5 10.Be3 Be6 11.b3 f5 12.d4 fxe4 13.Nxe4 exd4 14.Nxd4 Bf7 15.Rb1 Kh7 16.f4 d5
17.cxd5 Bxd5 18.Nxc6 Bxc6 19.Qc2 Qe8 20.Bc5 b6 21.Bxe7 Bb5 22.Bxf8 Bxf1
23.Rxf1 Qxf8 24.Qxc7 Rd8 25.Kh1 Rd3 26.Qxb6 Qxa3 27.Nf6+ Bxf6 28.Qxf6 Qxb3
29.Be4 {#r} 1-0

[Event "It (open)"]
[Site "Fouesnant (France)"]
[Date "2006.10.28"]
[Round "1"]
[White "Tchernomoroff Sylvain (FRA)"]
[Black "Le Goff Damien (FRA)"]
[Result "0-1"]
[WhiteElo "1649"]
[BlackElo "2227"]

1.c4 e5 2.Nc3 Nc6 3.g3 g6 4.Bg2 Bg7 5.d3 d6 6.Nf3 h6 7.a3 Be6 8.O-O Qd7 9.Rb1
Nf6 10.b4 Bh3 11.Nd5 Nxd5 12.cxd5 Ne7 13.e4 Bxg2 14.Kxg2 O-O 15.d4 f5 16.Qd3
Kh8 17.Bb2 Nxd5 18.dxe5 fxe4 19.Qxe4 dxe5 20.Bxe5 Rae8 21.Bxg7+ Kxg7 22.Qc4
Rxf3 23.Kxf3 Qf7+ {#R} 0-1

[Event "It (open)"]
[Site "Fouesnant (France)"]
[Round "5"]
[White "Baugin Alain (FRA)"]
[Black "Le Goff Damien (FRA)"]
[Result "0-1"]
[WhiteElo "2110"]
[BlackElo "2227"]

1.c4 e5 2.Nc3 Nc6 3.g3 g6 4.Bg2 Bg7 5.d3 d6 6.Nf3 h6 7.a3 Be6 8.Rb1 Qd7 9.Nd5
Nge7 10.e4 O-O 11.Bxh6 Nxd5 12.Bxg7 Nf4 13.gxf4 Kxg7 14.Qd2 Bg4 15.f5 Bxf3
16.Bxf3 Nd4 17.Bg4 Qe7 18.Kf1 Qh4 19.h3 gxf5 20.Bxf5 Kf6 21.Qe3 Rh8 22.b4 Rag8
23.Bd7 Ke7 24.Ba4 Rh6 25.c5 Rf6 26.Bd1 Rg3 27.cxd6+ cxd6 28.Qc1 Rxf2+ 29.Ke1
Rg1+ {#R} 0-1

[Event "Ch France (team) (nat.2) 2006/07"]
[Site "France"]
[Date "2006.11.26"]
[Round "3"]
[White "Bogdanov Emil (FRA)"]
[Black "Beneteau Hubert (FRA)"]
[Result "1-0"]
[WhiteElo "2249"]
[BlackElo "2150"]

1.c4 e5 2.g3 Nc6 3.Bg2 g6 4.Nc3 Bg7 5.d3 d6 6.e3 Nf6 7.Nge2 O-O 8.b3 Re8 9.Bb2
a5 10.O-O Bd7 11.h3 h5 12.Nd5 a4 13.Qd2 axb3 14.axb3 Nxd5 15.cxd5 Ne7 16.Qb4
Rb8 17.d4 Qc8 18.Kh2 Nf5 19.Rfc1 e4 20.Nc3 c5 21.dxc5 dxc5 22.Qb6 Nh6 23.Nd1
Bf8 24.Qf6 {#r} 1-0

[Event "NRW Klasse 2 2006/07"]
[Site "Germany"]
[Date "2006.12.17"]
[Round "4"]
[White "Fehr Axel Dr (GER)"]
[Black "Vetter Herbert (GER)"]
[Result "1-0"]
[WhiteElo "2123"]
[BlackElo "2303"]

1.c4 e5 2.Nc3 Nc6 3.g3 g6 4.Bg2 Bg7 5.d3 d6 6.e4 Nge7 7.Nge2 O-O 8.O-O Nd4
9.Nxd4 exd4 10.Ne2 Bg4 11.h3 Bd7 12.Kh2 Rb8 13.b4 b5 14.cxb5 Rxb5 15.Bd2 Nc6
16.a4 Rh5 17.Nf4 Rh6 18.Nd5 g5 19.Rc1 Ne5 20.Rxc7 Nxd3 21.Bxg5 Qxg5 22.Rxd7
Ne5 23.f4 Qg4 24.Rxa7 Qxd1 25.Rxd1 Ng4+ 26.Kg1 Ne3 27.Ne7+ Kh8 28.Rd3 Re8
29.b5 Re6 30.Nc6 Nxg2 31.Kxg2 Rxe4 32.b6 Re3 33.Rxe3 dxe3 34.Re7 {#r} 1-0

[Event "It (cat.2)"]
[Site "Marianske Lazne (Czech Republic)"]
[Date "2007.01.21"]
[Round "3"]
[White "Zemerov Vladimir (RUS)"]
[Black "Blazkova Petra (CZE)"]
[Result "1-0"]
[WhiteElo "2341"]
[BlackElo "2239"]

1.g3 g6 2.Bg2 Bg7 3.c4 e5 4.Nc3 Nc6 5.d3 d6 6.Rb1 a5 7.a3 f5 8.Nf3 Nf6 9.Bg5
h6 10.Bxf6 Bxf6 11.Nd5 O-O 12.O-O Bg7 13.b4 axb4 14.axb4 Ne7 15.b5 Nxd5
16.cxd5 Bd7 17.Nd2 b6 18.Nc4 f4 19.Qc2 g5 20.Nd2 Bg4 21.Nc4 Rf7 22.Ra1 Rxa1
23.Rxa1 Qd7 24.Ra8+ Bf8 25.Nd2 Bh3 26.Bxh3 Qxh3 27.Ne4 g4 28.Qd1 f3 29.exf3
gxf3 30.Qf1 Qd7 31.Nc3 Kh7 32.h4 Bg7 33.Kh2 e4 34.Nxe4 Qxb5 35.Rd8 Qxd5 36.Qh3
b5 37.Qg4 Bf6 38.Rd7 Be7 39.Rxe7 {#r} 1-0

[Event "Tournament (team) (juniors)"]
[Site "Slask (Poland)"]
[Date "2007.01.27"]
[Round "2"]
[White "Botor Michalina (POL)"]
[Black "Pacak Patrycja (POL)"]
[Result "0-1"]
[WhiteElo "1804"]
[BlackElo "1760"]

1.c4 e5 2.Nc3 Nc6 3.g3 g6 4.Bg2 Bg7 5.d3 d6 6.e4 Be6 7.Nge2 Qd7 8.Be3 Nf6 9.h3
O-O-O 10.Qd2 Ne7 11.Nd5 Kb8 12.Nec3 c6 13.Nxe7 Qxe7 14.O-O h5 15.Bg5 Qd7 16.h4
Rdg8 17.b4 Ne8 18.b5 c5 19.Nd5 Bxd5 20.exd5 f6 21.Be3 g5 22.Kh2 gxh4 23.gxh4
Qg4 24.Rh1 Bh6 25.Bh3 Qxh4 26.Bxh6 Rxh6 27.Raf1 Rhg6 28.f3 Qg3# 0-1

[Event "Ch France (team) 2007"]
[Site "France"]
[Date "2007.02.11"]
[Round "3"]
[White "Spiridonov Nikola (BUL)"]
[Black "Guidarelli Laurent (FRA)"]
[Result "0-1"]
[WhiteElo "2367"]
[BlackElo "2444"]

1.g3 g6 2.Bg2 Bg7 3.c4 e5 4.Nc3 Nc6 5.d3 d6 6.Rb1 a5 7.a3 f5 8.e3 Nf6 9.Nge2
O-O 10.O-O Ne7 11.b4 axb4 12.axb4 Kh8 13.Bb2 g5 14.f4 Ng6 15.Qd2 gxf4 16.exf4
c6 17.Kh1 h5 18.b5 Bd7 19.bxc6 bxc6 20.Nd1 h4 21.c5 hxg3 22.hxg3 dxc5 23.fxe5
Ng4 24.Nf4 Qg5 25.Nxg6+ Qxg6 26.Bf3 Qh7+ 27.Kg1 Nxe5 28.Qh2 Qxh2+ 29.Kxh2 Rab8
30.Bxe5 Rxb1 31.Bd6 Rg8 32.Kg2 Bd4 33.Be2 {#R} 0-1

[Event "Ch Russia (1 liga) (w)"]
[Site "Obninsk (Russia)"]
[Date "2007.02.24"]
[Round "1"]
[White "Chernova Anastasia (RUS)"]
[Black "Artemenko Rimma (RUS)"]
[Result "1-0"]
[WhiteElo "2185"]
[BlackElo "1626"]

1.c4 e5 2.g3 g6 3.Bg2 Bg7 4.Nc3 Nc6 5.d3 d6 6.Nf3 f5 7.O-O Nf6 8.Rb1 O-O 9.Bd2
Qe8 10.b4 Ne7 11.Qc1 c6 12.b5 Bd7 13.bxc6 Bxc6 14.Qa3 Qd7 15.c5 e4 16.Nd4 d5
17.Qb3 Kh8 18.Nxc6 bxc6 19.Bf4 d4 20.Na4 Ned5 21.Be5 Ne7 22.Qb7 Rfe8 23.Bxf6
Qd5 24.Bxe7 Qf7 25.Bd6 Qe6 26.Qb3 Qd7 27.Nb2 Be5 28.Nc4 Bf6 29.Qb7 Qe6 30.Qxc6
{#r} 1-0

[Event "Ch Europe"]
[Site "Dresden (Germany)"]
[Date "2007.04.04"]
[Round "2"]
[White "Kuehner Christian (GER)"]
[Black "Zude Erik Dr (GER)"]
[Result "0-1"]
[WhiteElo "2146"]
[BlackElo "2412"]

1.c4 e5 2.Nc3 Nc6 3.g3 g6 4.Bg2 Bg7 5.d3 d6 6.Rb1 f5 7.e3 Nf6 8.Nge2 O-O 9.O-O
Be6 10.b4 a6 11.Nd5 Qd7 12.a4 Rae8 13.b5 axb5 14.axb5 Nd8 15.Qb3 g5 16.Nxf6+
Rxf6 17.f4 gxf4 18.exf4 e4 19.dxe4 Qf7 20.Bb2 Bxc4 21.Qc2 fxe4 22.Bxf6 Bd3
23.Qa4 Bxf6 24.Rbe1 Ne6 25.g4 d5 26.g5 Be7 27.Bh3 Nc5 28.Qa2 Bc4 29.Qd2 Nd3
30.Ng3 Bb4 31.Qd1 Nxe1 32.Rxe1 Bxe1 33.Nf5 Qg6 34.Qd4 Qb6 {#R} 0-1

[Event "Ch Serbia (w)"]
[Site "Pancevo (Yugoslavia)"]
[Date "2007.04.28"]
[Round "1"]
[White "Chelushkina Irina (SRB)"]
[Black "Petrovic Marija (SRB)"]
[Result "1-0"]
[WhiteElo "2351"]
[BlackElo "2168"]

1.c4 e5 2.g3 Nc6 3.Bg2 g6 4.Nc3 Bg7 5.d3 d6 6.Rb1 f5 7.e3 Nf6 8.b4 O-O 9.Nge2
Kh8 10.d4 a6 11.O-O Qe8 12.Nd5 Nxd5 13.cxd5 Nd8 14.dxe5 dxe5 15.Ba3 Rf7 16.Bb2
Re7 17.Re1 Nf7 18.f4 Bd7 19.Rc1 Bb5 20.Qd2 Bxe2 21.Rxe2 Rd8 22.e4 fxe4 23.Rxe4
c6 24.fxe5 Rxd5 25.Qe2 Rd8 26.h4 h5 27.Re1 Nh6 28.Bh3 Qg8 29.Bc1 Rd5 30.Bg5
Re8 31.e6 Nf5 32.Qf3 Bd4+ 33.Kh2 Qg7 34.Rf4 Kg8 35.Bxf5 gxf5 36.Qxh5 Qf8
37.Rxd4 Rxd4 38.Qg6+ Qg7 39.Qxe8+ Kh7 40.Qh5+ {#r} 1-0

[Event "It (open) \"]
[Site "Wroclaw (Poland)"]
[Date "2007.04.30"]
[Round "4"]
[White "Czapiewska Izabela (POL)"]
[Black "Kazmierczak Rafal (POL)"]
[Result "0-1"]
[WhiteElo "1985"]
[BlackElo "2179"]

1.c4 e5 2.Nc3 Nc6 3.g3 g6 4.Bg2 Bg7 5.d3 d6 6.e4 Nd4 7.Be3 Ne7 8.Bxd4 exd4
9.Nce2 c5 10.Nf3 Bg4 11.h3 Bd7 12.O-O O-O 13.Kh2 Rb8 14.a4 a6 15.Ne1 f5 16.Nf4
Be5 17.Nd5 Nxd5 18.exd5 f4 19.Nf3 Qf6 20.b3 h5 21.Nxe5 dxe5 22.Be4 Kg7 23.Rg1
fxg3+ 24.fxg3 Qg5 25.Qe2 Rf6 26.Raf1 Rbf8 27.Rxf6 Rxf6 28.h4 Qe3 29.Rg2 Qxe2
30.Rxe2 Rb6 31.Bg2 Rxb3 32.Rxe5 Kf6 33.Rg5 Bf5 34.Be4 Rb2+ 35.Kg1 Bxe4 36.dxe4
Re2 37.d6 Rxe4 38.Rxg6+ Kf7 39.Rg7+ Ke8 {#R} 0-1